Estatísticas para Barcelos City Quiz

Clique aqui para jogar o quiz

Estatísticas Gerais

  • Esse quiz foi jogado 26 vezes
  • A pontuação média é 8 de 16

Estatísticas das Respostas

HintResposta% Correto
Qual é o maior símbolo de Barcelos?Galo
100%
Distrito:Braga
85%
Pessoa mais famosa:Gil Vicente
75%
Principal clube de futebol:Gil Vicente
75%
Numero de escolas secundarias:6
70%
Universidade:IPCA
70%
Freguesia mais populosa:Arcozelo
55%
Rio que atravessa a cidade:Rio Cávado
55%
População:120000
45%
Número de freguesias:89
45%
Fadista Famosa:Gisela João
45%
Principal clube de hóquei:OCB
40%
Freguesia menos populosa:Panque
20%
Artista Famoso:Rosa Ramalho
10%
Futebolistas famoso:Paulinho
5%
Futebolista Famoso:Nelson Oliveira
0%

Distribuição das Pontuações

Percentil de Números Respondidos

Porcentagem de Pessoas com Cada Pontuação

Sua Pontuação Histórica

Você não jogou esse quiz